000 00775nam a22002777a 4500
001 BR8108590
003 BR-BrBNA
005 20230928091202.0
007 ta
008 230509b bl.||||| |||| 00| 0 por d
040 _aBR-BrBNA
_bpor
_cBiblioteca Nacional de Agricultura
041 _a(Por)
072 _aF40
_b1910
_b/G514
090 _ 1910 BR8108590
100 1 _aVilela, H.
100 1 _aNascimento Junior, D. do
110 1 _aUniversidade Federal de Vicosa, MG (Brasil). Depto. de Zootecnia
_910993
245 1 _aPastagens. Regioes pastoris do Brasil
_bno. 74
260 3 _aVicosa, MG (Brasil):
_c1981.
300 _a22 p.
500 _a43 ref.
650 _aPASTAGEM
650 _aECOLOGIA VEGETAL
909 _a202309
_bLucia
_c55
_dLucia Elande
942 _cBK
999 _c32703
_d32703